| 000 | 00457nam a2200145Ia 4500 | ||
|---|---|---|---|
| 008 | 231129s2014||||xx |||||||||||||| ||spa|| | ||
| 020 | _a978-958-46-3893-9 | ||
| 040 | _bspa | ||
| 082 | _aCo863 E74s | ||
| 100 | _aEscobar Belalcázar Carlos Arnulfo | ||
| 245 | 0 | _aSorpresas te da la vida!: Vivencias de un ciudadano Corinteño | |
| 260 | _c2014 | ||
| 264 | _aPereira Colombia: Grafitel Litografía | ||
| 942 |
_2ddc _cBKS |
||
| 999 |
_c24836 _d24836 |
||